000 00642nam a2200229Ia 4500
003 OSt
005 20221005120221.0
006 a|||||r|||| 00| 0
007 ta
008 221004b |||||||| |||| 00| 0 kan d
024 _a58899
037 _cTextual
040 _aCRL
_cCRL
_bkan
041 _2kan
_akan
082 _aLB:4:6x2,1, 33J6
100 _aBhat Vaidyaguru M. R. Tr.
_9604433
245 0 _aDhanvantari Samhita
_b sutra & chikitsa stanas in full
260 _c1956
650 _aVEDAS - AYUREVEDA
_928050
942 _hLB:4:6x2,1, 33J6
_cTEXL
_2cc
999 _c1037243
_d1037243